000 00840nam0a22002651 4500
001 rc\3012990
005 20250806201055.0
035 _a(NLR Aleph) 007155400
090 _a5460
_c5460
100 _a20110924d1944 u y0rusy50 ca
101 1 _arus
102 _aRU
105 _ay z |||||
200 1 _aЗаря занимается
_e[Роман]
_fПер. В. Станевич
210 _aМосква
_cГослитиздат
_d1944
215 _a200 с.
_d16 см
700 1 _aВайскопф
_bФ.К.
_f1900-1955
_gФранц Карл
702 1 _aСтаневич
_bВ.О.
_gВера Оскаровна
_4730
801 0 _aRU
_bNLR
_gpsbo
801 1 _aRU
_bELAR
_2rusmarc
852 _aNLR
_bЛ
_j60 Г-1/28
942 _cBOOK
945 _aРоссийская национальная библиотека
980 _aNB
980 _aBV